Statystyki dla Harry Potter od A do Z cz.4

Kliknij tutaj aby rozwiązać quiz!

Ogólne statystyki

  • Ten quiz został rozwiązany 168 razy
  • Średni wynik to 18 z 22

Statystyki odpowiedzi

HintOdpowiedź% Poprawnych
Imię sowy Harry'ego Pottera (H)Hedwiga
99%
Przerażające stworzenie wysysające z ludzi całe szczęście, strażnik Azkabanu (D)Dementor
98%
Zamieszkiwała łazienkę dziewcząt, jedyna śmiertelna ofiara bazyliszka (J)Jęcząca Marta
98%
Ochraniał przed dementorami, wyczarowany przez Harry'ego przybierał postać jelenia. (P)Patronus
97%
Imię Slytherina (S)Salazar
93%
Czarodziej posiadający możliwość przybrania postaci zwierzęcia (A)Animag
92%
Po jego wypiciu można było przybrać postać innej osoby (E)Eliksir Wielosokowy
91%
Niektórzy uczniowie złośliwie nazywali ją Pomyluną Luną (L)Luna Lovegood
91%
Prezent wręczony Harry'emu przez bliźniaków Weasley. Pokazywał gdzie w danym momencie znajdowały się poszczególne osoby w Hogwarcie (M)Mapa Huncwotów
91%
Grupa dowodzona przez Harry'ego, która w tajemnicy przed Umbridge ćwiczyła na własną rękę obronę przed czarną magią (G)Gwardia Dumbledore'a/ Gwardia Dumbledora
89%
Jak miała na imię jedyna żeńska reprezentantka Turnieju Trójmagicznego? (F)Fleur
88%
Imię Tonks (N)Nimfadora
88%
Zaklęcie Niewybaczalne skutkujące przejęciem kontroli nad umysłem osoby, wobec której zostało użyte (I)Imperius
83%
Imiona i nazwisko Lorda Voldemorta (T)Tom Marvolo Riddle
83%
Eliksir zmuszający osobę, która go wypiła, do mówienia prawdy (V)Veritaserum
80%
Wścibska dziennikarka, niezarejestrowany animag, pisząca oszczercze artykuły m.in na temat Pottera (R)Rita Skeeter
78%
Przedmiot, który otrzymała Hermiona od profesro McGonagall, pozwalał na cofnięcie się w czasie (Z)Zmieniacz Czasu
73%
Osoba urodzona w czarodziejskiej rodzinie, ale pozbawiona magicznych mocy (C)Charłak
70%
Uczennica Gryffindoru, grająca w drużynie Quidditcha. Po dotknięciu naszyjnika z opali trafiła do Szpitala św. Munga (K)Katie Bell
67%
Nauczana przez Snape'a, miała uchronić Harry'ego przed wnikaniem w jego umysł Voldemorta (O)Oklumencja
62%
Jak miała na nazwisko czarownica Bathilda - udzieliła Ricie Skeeter wywiadu na temat Dumbledore'a? (B)Bagshot
54%
Wynalazek braci Weasleyów umożliwiający podsłuchiwanie innych na odległość (U)Uszy Dalekiego Zasięgu
32%

Rozkład punktacji

Percentyl według liczby udzielonych odpowiedzi

Procent ludzi z każdym wynikiem

Twoja historia wyników

Nie rozwiązałeś tego quizu